00991nam a2200181 a 450000100080000000500110000800800410001910000190006024500840007926001430016330000090030652004070031565000130072270000180073570000190075370000180077270000190079018766782011-02-10 2009 bl uuuu u00u1 u #d1 aISSA, B. H. P. aFluxo de tecidos do capim-milênio sob regime de cortes.h[electronic resource] aIn: JORNADA CIENTÍFICA DA EMBRAPA GADO DE CORTE,5., 2009, Campo Grande, MS. [Anais da ...]. Campo Grande, MS: Embrapa Gado de Cortec2009 a1 p. aO estudo da dinâmica do fluxo de tecidos via morfogênese é uma importante ferramenta para a determinação de práticas de manejo mais eficientes no controle de utilização de forrageiras. Por esta razão foi conduzido em experimento com o objetivo de avaliar as características morfogênicas e estruturais do Panicum maximum Jacq. cv Milênio sob diferentes intensidades e freqüências de corte. aPastagem1 aBASTOS, J. A.1 aROSA, P. R. DA1 aPIOTTO, V. C.1 aBARBOSA, R. A.